| 000 | 00402nam a2200157 a 4500 | ||
|---|---|---|---|
| 005 | 20140414132100.0 | ||
| 008 | 100626s19uu xx 00 eng d | ||
| 020 | _a978-0-330-50710-3 | ||
| 050 |
_aFIC _bC11 2008 |
||
| 100 | _aCabot, Meg | ||
| 245 | _aTen out of ten. | ||
| 260 |
_aLondon : _bMacMillan Children's Books, _c2008. |
||
| 300 | _a384 | ||
| 440 | _aThe Princess Diaries | ||
| 999 |
_c114423 _d114423 |
||